[Event "TCh-CHN Division A 2014"]
[Site "Shaoguan CHN"]
[Date "2014.07.25"]
[Round "9.2"]
[White "Ni, Hua"]
[Black "Yang, Kaiqi"]
[Result "1-0"]
[WhiteTitle "GM"]
[BlackTitle "IM"]
[WhiteElo "2677"]
[BlackElo "2351"]
[WhiteTeam "Shanghai"]
[BlackTeam "Hebei"]
[WhiteFideId "8601160"]
[BlackFideId "8604398"]
[EventDate "2014.04.12"]

1. e4 e5 2. Nf3 Nc6 3. Bb5 a6 4. Ba4 Nf6 5. d3 d6 6. O-O g6 7. c3 Bg7 8. Nbd2
O-O 9. Re1 Nd7 10. Nf1 Nc5 11. Bc2 f5 12. exf5 Bxf5 13. Ne3 d5 14. Nxf5 gxf5 15.
d4 Ne4 16. Ba4 exd4 17. Bxc6 bxc6 18. Nxd4 Qd6 19. f3 c5 20. Ne2 Be5 21. fxe4
Bxh2+ 22. Kh1 fxe4 23. g3 Rf2 24. Be3 Bxg3 25. Nxg3 Rf3 26. Rg1 Kh8 27. Qd2 Rg8
28. Nf1 Rh3+ 29. Nh2 Rgg3 30. Rxg3 Qxg3 31. Bxc5 Qf3+ 32. Qg2 1-0

[Event "TCh-CHN Division A 2014"]
[Site "Shaoguan CHN"]
[Date "2014.07.25"]
[Round "9.2"]
[White "Zhai, Mo"]
[Black "Ju, Wenjun"]
[Result "0-1"]
[WhiteTitle "WIM"]
[BlackTitle "WGM"]
[WhiteElo "2325"]
[BlackElo "2582"]
[WhiteTeam "Hebei"]
[BlackTeam "Shanghai"]
[WhiteFideId "8600201"]
[BlackFideId "8603006"]
[EventDate "2014.04.12"]

1. d4 Nf6 2. c4 g6 3. Nc3 Bg7 4. e4 d6 5. Nf3 O-O 6. Be2 Nbd7 7. O-O e5 8. Re1
Re8 9. Bf1 exd4 10. Nxd4 c6 11. Nc2 Qc7 12. Bf4 Ne5 13. h3 Be6 14. b3 Rad8 15.
Rb1 a6 16. Bh2 b5 17. f4 Ned7 18. Qf3 bxc4 19. bxc4 Qa5 20. Kh1 d5 21. exd5 cxd5
22. Nb4 d4 23. Ncd5 Bf5 24. Rxe8+ Rxe8 25. Bd3 Nxd5 26. cxd5 Re3 27. Qf1 Bxd3
28. Nxd3 Qxd5 29. Nb4 Qe4 30. Rd1 Nc5 31. Rc1 d3 0-1

[Event "TCh-CHN Division A 2014"]
[Site "Shaoguan CHN"]
[Date "2014.07.25"]
[Round "9.2"]
[White "Wang, Doudou"]
[Black "Zhang, Xiaowen"]
[Result "1/2-1/2"]
[WhiteTitle "WIM"]
[BlackTitle "WGM"]
[WhiteElo "2215"]
[BlackElo "2355"]
[WhiteTeam "Hebei"]
[BlackTeam "Shanghai"]
[WhiteFideId "8603197"]
[BlackFideId "8603219"]
[EventDate "2014.04.12"]

1. d4 Nf6 2. c4 g6 3. Nc3 Bg7 4. e4 d6 5. Bd3 O-O 6. Nge2 c5 7. d5 e6 8. O-O
exd5 9. cxd5 a6 10. a4 Re8 11. Ng3 Nbd7 12. h3 Rb8 13. f4 Qc7 14. Be3 c4 15. Bc2
Nc5 16. Bd4 b5 17. axb5 axb5 18. e5 dxe5 19. fxe5 Rxe5 20. Bxe5 Qxe5 21. Qf3 b4
22. Nce4 Ncxe4 23. Nxe4 Nxe4 24. Qxf7+ Kh8 25. Bxe4 Bxh3 26. Ra7 Rg8 27. Re7 Qg5
28. Re8 Bd4+ 29. Kh2 Be5+ 30. Rxe5 Qxe5+ 31. Kxh3 Qxe4 32. Qf6+ Rg7 33. Qf8+ Rg8
34. Qf6+ Rg7 35. Qf8+ Rg8 36. Qf6+ Rg7 37. Qf8+ 1/2-1/2

[Event "TCh-CHN Division A 2014"]
[Site "Shaoguan CHN"]
[Date "2014.07.25"]
[Round "9.3"]
[White "Zhou, Jiangnan"]
[Black "Ding, Liren"]
[Result "0-1"]
[BlackTitle "GM"]
[WhiteElo "2100"]
[BlackElo "2730"]
[WhiteTeam "Qingdao Qingwei"]
[BlackTeam "Zhejiang"]
[WhiteFideId "8609918"]
[BlackFideId "8603677"]
[EventDate "2014.04.12"]

1. d4 Nf6 2. c4 e6 3. Nc3 Bb4 4. f3 O-O 5. a3 Bxc3+ 6. bxc3 Nh5 7. Nh3 f5 8. g3
b6 9. e4 Bb7 10. Bd3 fxe4 11. fxe4 Qe8 12. Ra2 e5 13. Re2 d6 14. Rf1 Nf6 15. c5
Nbd7 16. Ng5 Rc8 17. Bc4+ Kh8 18. Qb3 dxc5 19. Nf7+ Rxf7 20. Bxf7 Qe7 21. Qe6
Qd6 22. Rf5 cxd4 23. cxd4 Qxd4 24. Bb2 Qg1+ 25. Rf1 Qc5 26. Qc4 Qa5+ 27. Bc3
Qxa3 28. Bb4 Qa1+ 29. Kf2 Qd4+ 30. Qxd4 exd4 31. Be6 Re8 32. Bxd7 Nxd7 33. Rfe1
Ne5 34. Kg2 c5 35. Bd2 Ba6 36. Rf2 Nd3 37. Ra1 Nxf2 38. Kxf2 Bd3 39. Rxa7 h6 40.
Rb7 Rf8+ 41. Kg1 c4 42. e5 c3 43. Bf4 g5 44. Bc1 Rf1+ 0-1

[Event "TCh-CHN Division A 2014"]
[Site "Shaoguan CHN"]
[Date "2014.07.25"]
[Round "9.3"]
[White "Fang, Yuxiang"]
[Black "Lu, Shanglei"]
[Result "0-1"]
[BlackTitle "GM"]
[WhiteElo "2324"]
[BlackElo "2566"]
[WhiteTeam "Qingdao Qingwei"]
[BlackTeam "Zhejiang"]
[WhiteFideId "8605840"]
[BlackFideId "8603332"]
[EventDate "2014.04.12"]

1. d4 d6 2. g3 g6 3. Bg2 Bg7 4. c4 Nf6 5. Nc3 O-O 6. Nf3 Nc6 7. O-O Bf5 8. b3 e5
9. e3 Qc8 10. Bb2 Bg4 11. d5 Ne7 12. Qc2 Bh3 13. Rfd1 a6 14. Ne4 Nxe4 15. Bxh3
Qxh3 16. Qxe4 h6 17. Rac1 b6 18. Nd2 g5 19. Qg2 Qd7 20. e4 f5 21. exf5 Qxf5 22.
Ne4 g4 23. Rd3 Rf7 24. Rcd1 Raf8 25. b4 Qg6 26. Re3 h5 27. Re2 Rf3 28. h4 Bh6
29. Bc1 Bxc1 30. Rxc1 Nf5 31. Ng5 Nd4 32. Rd2 Rd3 33. Rcd1 Rc3 34. Qf1 Rf5 35.
c5 b5 36. cxd6 cxd6 37. a4 Rf8 38. axb5 axb5 39. Ra2 Rfc8 40. Rda1 Nb3 41. Rd1
Rc1 42. Kg2 Qb1 43. Rxc1 Rxc1 44. Ra8+ Kg7 45. Ne6+ Kg6 46. Rg8+ Kh7 47. Rg7+
Kh8 0-1

[Event "TCh-CHN Division A 2014"]
[Site "Shaoguan CHN"]
[Date "2014.07.25"]
[Round "9.3"]
[White "Yu, Chaojie"]
[Black "Lan, Zilun"]
[Result "1/2-1/2"]
[WhiteElo "2107"]
[BlackElo "2147"]
[WhiteTeam "Qingdao Qingwei"]
[BlackTeam "Zhejiang"]
[WhiteFideId "8608555"]
[BlackFideId "8604193"]
[EventDate "2014.04.12"]

1. e4 c6 2. d4 d5 3. e5 Bf5 4. Nf3 e6 5. Be2 Qb6 6. O-O Ne7 7. b3 Nd7 8. Be3 Bg6
9. Nh4 Nf5 10. Nxf5 Bxf5 11. Nd2 Bb4 12. Nf3 Bc3 13. Rb1 Qa5 14. a4 Rc8 15. Nh4
Be4 16. f3 Bg6 17. f4 Qd8 18. g3 O-O 19. Nxg6 hxg6 20. Qd3 Qa5 21. g4 c5 22. b4
cxb4 23. f5 Qa6 24. Qxa6 bxa6 25. Bxa6 Rc7 26. Bd3 gxf5 27. gxf5 exf5 28. Rxf5
Re8 29. Kf2 f6 30. exf6 Nxf6 31. Rg1 Rce7 32. Rxf6 Rxe3 33. Rf4 R3e6 34. Rg6
R6e7 35. Rd6 Bd2 36. Rf5 Be3+ 37. Kg2 Bxd4 38. Rfxd5 1/2-1/2

[Event "TCh-CHN Division A 2014"]
[Site "Shaoguan CHN"]
[Date "2014.07.25"]
[Round "9.3"]
[White "Ding, Yixin"]
[Black "Lv, Jingen"]
[Result "1-0"]
[WhiteTitle "WGM"]
[WhiteElo "2440"]
[BlackElo "1823"]
[WhiteTeam "Zhejiang"]
[BlackTeam "Qingdao Qingwei"]
[WhiteFideId "8602972"]
[BlackFideId "8610509"]
[EventDate "2014.04.12"]

1. e4 d5 2. exd5 Qxd5 3. Nf3 Bg4 4. Be2 e6 5. h3 Bh5 6. O-O Be7 7. d4 Nf6 8. c4
Qd8 9. Qb3 Qc8 10. Nc3 O-O 11. g4 Bg6 12. Ne5 Nbd7 13. Nxg6 hxg6 14. Be3 Nb6 15.
a4 a5 16. Bf4 Qd8 17. Nb5 Bd6 18. Nxd6 cxd6 19. Bf3 Ra7 20. c5 dxc5 21. dxc5
Nbd5 22. Bd6 Re8 23. Rad1 Qc8 24. Rfe1 Nb4 25. Qc4 Nfd5 26. h4 Qd8 27. g5 Ra8
28. Qg4 Rc8 29. h5 gxh5 30. Qxh5 Qd7 31. Re4 f5 32. Rh4 1-0

[Event "TCh-CHN Division A 2014"]
[Site "Shaoguan CHN"]
[Date "2014.07.25"]
[Round "9.3"]
[White "Qiu, Mengjie"]
[Black "Yang, Yingxia"]
[Result "1-0"]
[WhiteTitle "WFM"]
[WhiteElo "2126"]
[BlackElo "1827"]
[WhiteTeam "Zhejiang"]
[BlackTeam "Qingdao Qingwei"]
[WhiteFideId "8606137"]
[BlackFideId "8609837"]
[EventDate "2014.04.12"]

1. e4 e6 2. d4 d5 3. Nd2 c5 4. exd5 exd5 5. Ngf3 Nc6 6. dxc5 Bxc5 7. Nb3 Bb6 8.
Bd3 Nge7 9. O-O Nb4 10. Be2 O-O 11. c3 Nbc6 12. Bd3 h6 13. Bf4 Bc7 14. Qd2 Bxf4
15. Qxf4 Ng6 16. Qg3 Qf6 17. Rad1 Nf4 18. Nbd4 Re8 19. Bb1 Bd7 20. Rfe1 Nxd4 21.
Nxd4 Re5 22. Rxe5 Qxe5 23. h3 Qxd4 24. Rxd4 Ne2+ 25. Kh2 Nxg3 26. Kxg3 Bc6 27.
Bd3 Re8 28. a4 a6 29. Rb4 Re7 30. a5 Kf8 31. Rb6 Rc7 32. f3 Ke7 33. Kf4 f6 34.
Ke3 Kd6 35. b4 Rc8 36. Kd4 Kc7 37. Kc5 Ra8 38. h4 g5 39. h5 Kd7 40. Bf5+ Kc7 41.
Bd3 Kd7 42. b5 axb5 43. Bxb5 Ke7 44. Bxc6 bxc6 45. a6 1-0

[Event "TCh-CHN Division A 2014"]
[Site "Shaoguan CHN"]
[Date "2014.07.25"]
[Round "9.4"]
[White "Li, Di"]
[Black "Wen, Yang"]
[Result "0-1"]
[WhiteTitle "FM"]
[BlackTitle "GM"]
[WhiteElo "2209"]
[BlackElo "2586"]
[WhiteTeam "Chengdu"]
[BlackTeam "Shandong"]
[WhiteFideId "8607508"]
[BlackFideId "8602956"]
[EventDate "2014.04.12"]

1. d4 d6 2. Nf3 Nf6 3. c4 g6 4. Nc3 Bf5 5. Nh4 Bd7 6. g3 Bg7 7. Bg2 Nc6 8. b3
O-O 9. Bb2 e5 10. dxe5 dxe5 11. Qc1 Qc8 12. h3 Nd4 13. e3 Re8 14. Qd2 Bc6 15.
O-O Bxg2 16. Kxg2 Ne6 17. e4 c6 18. Nf3 Qc7 19. Qe3 Rad8 20. Rac1 Nd4 21. Rfd1
Nd7 22. Na4 Nxf3 23. Kxf3 b6 24. Kg2 Nf8 25. Nc3 Qc8 26. b4 Rd4 27. Ne2 Rxd1 28.
Rxd1 Ne6 29. a3 h5 30. h4 Nf4+ 31. Kg1 Qg4 32. Re1 Rd8 33. Nc1 Bh6 34. Qc3 Rd2
35. Rf1 Rd3 36. Qc2 Qh3 37. f3 Qxg3+ 38. Kh1 Qxh4+ 0-1

[Event "TCh-CHN Division A 2014"]
[Site "Shaoguan CHN"]
[Date "2014.07.25"]
[Round "9.4"]
[White "Zhao, Yuanhe"]
[Black "Liu, Qingnan"]
[Result "1/2-1/2"]
[BlackTitle "IM"]
[WhiteElo "2137"]
[BlackElo "2510"]
[WhiteTeam "Chengdu"]
[BlackTeam "Shandong"]
[WhiteFideId "8609497"]
[BlackFideId "8603294"]
[EventDate "2014.04.12"]

1. d4 g6 2. c4 Bg7 3. Nc3 d6 4. Nf3 Nf6 5. e4 O-O 6. h3 Nbd7 7. Be3 c6 8. Be2 e5
9. d5 Qe7 10. g4 a6 11. a4 a5 12. Nd2 Nc5 13. h4 Nfd7 14. Nb3 f5 15. Nxc5 Nxc5
16. f3 Bd7 17. Qc2 Na6 18. O-O-O Nb4 19. Qd2 Rfc8 20. Kb1 f4 21. Bf2 Bf8 22. g5
h5 23. gxh6 Kh7 24. Bf1 c5 25. Bh3 Bxh3 26. Rxh3 Na6 27. Rdh1 Nc7 28. Be1 Ne8
29. Nd1 Nf6 30. Nf2 Qd7 31. Qd1 Bxh6 32. Ka2 Nh5 33. Ng4 Bf8 34. Qb3 Be7 35. Ka3
b6 36. R1h2 Rab8 37. Bf2 Kg7 38. Qd1 Rh8 39. Qb3 Kf7 40. Qd1 Ng7 41. Rh1 Rh5 42.
Qb3 Ne8 43. Qd1 Nc7 44. R3h2 Na6 45. Be1 Rbh8 46. Qe2 Qd8 47. Qg2 Nb4 48. Bc3
Kf8 49. Nf2 Qe8 50. Nh3 Na6 51. Ng5 Nc7 52. Be1 Kg7 53. Rh3 Qc8 54. Qg4 Bxg5 55.
Qxc8 Rxc8 56. hxg5 Rch8 57. Rh4 Na6 58. Kb3 Nb8 59. Kc2 Nd7 60. Kd2 Nf8 61. Ke2
R8h7 62. Rxh5 gxh5 63. Kf1 Kg6 64. Bh4 Rg7 65. Kg2 Nd7 66. Rd1 Kf7 67. Kh3 Nb8
68. b3 Na6 69. Rd2 Nb4 70. Kh2 Kg6 71. Kh3 Rc7 72. Kg2 Rc8 73. Kh2 Na6 74. Kg2
Nb8 75. Kh2 Nd7 76. Kh3 Nf8 77. Rg2 Nh7 78. Rg1 Rg8 79. Rg2 Nf8 80. Rg1 Kf7 81.
Rg2 Rg6 82. Rg1 Nd7 83. Rg2 Nb8 84. Rf2 Rg7 85. Kh2 Kg6 86. Rg2 Rc7 87. Kh3 Nd7
88. Ra2 1/2-1/2

[Event "TCh-CHN Division A 2014"]
[Site "Shaoguan CHN"]
[Date "2014.07.25"]
[Round "9.4"]
[White "Liu, Guanchu"]
[Black "Zhao, Jun"]
[Result "0-1"]
[WhiteTitle "IM"]
[BlackTitle "GM"]
[WhiteElo "2409"]
[BlackElo "2578"]
[WhiteTeam "Chengdu"]
[BlackTeam "Shandong"]
[WhiteFideId "8603901"]
[BlackFideId "8602522"]
[EventDate "2014.04.12"]

1. e4 c5 2. Nf3 d6 3. c3 Nf6 4. Be2 Bg4 5. h3 Bh5 6. O-O e6 7. d3 Be7 8. Nbd2
Nc6 9. Nh2 Bxe2 10. Qxe2 b5 11. f4 d5 12. e5 Nd7 13. Nhf3 Nb6 14. b3 Qd7 15. Bb2
O-O 16. c4 a6 17. Rfd1 Qb7 18. Nf1 bxc4 19. dxc4 dxc4 20. bxc4 Nxc4 21. Qxc4
Qxb2 22. Rab1 Qa3 23. Rd3 Qa5 24. Ng3 Rfd8 25. Rb7 Rxd3 26. Qxd3 Qd8 27. Qe4 Qc8
28. Rb6 Nd4 29. Rb7 Nc6 30. Rb6 Nd4 31. Rb7 Nxf3+ 32. Qxf3 Bf8 33. Ne4 c4 34.
Kh2 Rb8 35. Ra7 h6 36. Qg3 Rb7 37. Rxa6 Rc7 38. Rb6 c3 39. Rb1 c2 40. Rc1 Qa6
41. Qb3 Qa3 0-1

[Event "TCh-CHN Division A 2014"]
[Site "Shaoguan CHN"]
[Date "2014.07.25"]
[Round "9.4"]
[White "Xiao, Yiyi"]
[Black "Ren, Xiaoyi"]
[Result "0-1"]
[WhiteTitle "WFM"]
[WhiteElo "2248"]
[BlackElo "2130"]
[WhiteTeam "Shandong"]
[BlackTeam "Chengdu"]
[WhiteFideId "8606161"]
[BlackFideId "8608709"]
[EventDate "2014.04.12"]

1. d4 Nf6 2. c4 g6 3. g3 c6 4. Bg2 d5 5. Nf3 Bg7 6. O-O O-O 7. cxd5 cxd5 8. Nc3
Ne4 9. Bf4 Nxc3 10. bxc3 Nc6 11. Rb1 b6 12. Nd2 Bf5 13. Rb5 e6 14. e4 a6 15. Rb2
Bxe4 16. Nxe4 dxe4 17. Bxe4 Rc8 18. Qf3 Na5 19. h4 Nc4 20. Re2 Nd6 21. Bb1 Nb5
22. Rc1 Rxc3 23. Rxc3 Nxd4 24. Qe4 Nxe2+ 25. Qxe2 Bxc3 26. h5 Qd5 27. Be4 Qxh5
28. Qxa6 Rd8 29. Bd3 Bd4 30. Qb7 Qc5 31. Qf3 Bxf2+ 0-1

[Event "TCh-CHN Division A 2014"]
[Site "Shaoguan CHN"]
[Date "2014.07.25"]
[Round "9.4"]
[White "Sun, Fanghui"]
[Black "Li, Yunshan"]
[Result "1-0"]
[BlackTitle "WFM"]
[WhiteElo "2077"]
[BlackElo "1951"]
[WhiteTeam "Shandong"]
[BlackTeam "Chengdu"]
[WhiteFideId "8604150"]
[BlackFideId "8607664"]
[EventDate "2014.04.12"]

1. e4 c5 2. Nf3 e6 3. d4 cxd4 4. Nxd4 Nc6 5. Nc3 Qc7 6. Be2 a6 7. Nxc6 bxc6 8.
Qd4 d5 9. exd5 cxd5 10. Bf4 Qc5 11. Qd3 Nf6 12. O-O-O Bd6 13. Bxd6 Qxd6 14. Qg3
Qxg3 15. hxg3 Bd7 16. g4 Ke7 17. g5 Ne8 18. f4 Nd6 19. Bd3 h6 20. gxh6 gxh6 21.
Rde1 Kf6 22. Rh5 Bc6 23. Ne2 Bb5 24. Reh1 Kg7 25. Nd4 Bxd3 26. cxd3 Rag8 27. g4
Ne8 28. R5h4 Nf6 29. Kd2 Nd7 30. b4 Nf8 31. Ke3 Ng6 32. R4h2 Re8 33. Nf3 f6 34.
Rc1 Rc8 35. Rhc2 Ne7 36. Rc7 Kf7 37. Kd4 Rb8 38. a3 Rhg8 39. Nh4 h5 40. gxh5 Rh8
41. Ra7 Rxh5 42. Nf3 Rh3 43. Rcc7 Re8 44. Ne1 e5+ 45. fxe5 fxe5+ 46. Kc5 Re3 47.
Nc2 Rh3 48. Kd6 Rh6+ 49. Kxe5 Re6+ 50. Kd4 Rh8 51. Kc5 Rh1 52. a4 Rd1 53. Kd4
Kf6 54. Ne3 Rb1 55. Nxd5+ Nxd5 56. Kxd5 Re5+ 57. Kd6 Re6+ 58. Kc5 Ra1 59. a5
Rc1+ 60. Kd5 Rd1 61. Rf7+ Kg6 62. Rg7+ Kh6 63. Rg3 1-0

[Event "TCh-CHN Division A 2014"]
[Site "Shaoguan CHN"]
[Date "2014.07.25"]
[Round "9.5"]
[White "Malakhov, Vladimir"]
[Black "Mu, Ke"]
[Result "1-0"]
[WhiteTitle "GM"]
[WhiteElo "2708"]
[BlackElo "2413"]
[WhiteTeam "Tianjing"]
[BlackTeam "Qingdao Experimental School"]
[WhiteFideId "4120787"]
[BlackFideId "8602778"]
[EventDate "2014.04.12"]

1. e4 e6 2. d4 d5 3. Nd2 Nc6 4. Ngf3 Nf6 5. e5 Nd7 6. Bd3 f6 7. exf6 Qxf6 8. Nf1
e5 9. Ne3 Nb6 10. dxe5 Nxe5 11. Nxe5 Qxe5 12. O-O Bd6 13. f4 Qf6 14. a4 a5 15.
Ng4 Bxg4 16. Qxg4 O-O 17. Be3 Rae8 18. Bxb6 cxb6 19. Qh5 g6 20. Qxd5+ Kh8 21. g3
Bc5+ 22. Kh1 Qxb2 23. Qxb7 Re7 24. Qd5 Qd4 25. Qxd4+ Bxd4 26. Rad1 Bc5 27. Kg2
Kg7 28. h4 Rf6 29. Bb5 Rfe6 30. Rd5 Rd6 31. Rxd6 Bxd6 32. Rd1 Bb4 33. Rd5 Re6
34. Bd3 Rd6 35. Re5 Kf7 36. h5 Bc3 37. Rg5 Bf6 38. hxg6+ Kg7 39. Rb5 hxg6 40.
Kf3 Bd8 41. Re5 Bf6 42. Re8 g5 43. Rb8 gxf4 44. Rb7+ Kf8 45. Kxf4 Be7 46. Ke5
Rh6 47. g4 Rf6 1-0

[Event "TCh-CHN Division A 2014"]
[Site "Shaoguan CHN"]
[Date "2014.07.25"]
[Round "9.5"]
[White "Ma, Qun"]
[Black "Ma, Zhonghan"]
[Result "1/2-1/2"]
[WhiteTitle "GM"]
[WhiteElo "2621"]
[BlackElo "2471"]
[WhiteTeam "Tianjing"]
[BlackTeam "Qingdao Experimental School"]
[WhiteFideId "8603154"]
[BlackFideId "8607206"]
[EventDate "2014.04.12"]

1. c4 Nf6 2. Nf3 c5 3. Nc3 e6 4. g3 b6 5. Bg2 Bb7 6. O-O Be7 7. Re1 d5 8. d4
dxc4 9. Qa4+ Nbd7 10. dxc5 Bxc5 11. Bg5 O-O 12. Qxc4 h6 13. Bxf6 Nxf6 14. Red1
Qe7 15. Ne5 Bxg2 16. Kxg2 Qb7+ 17. f3 a6 18. Rd3 Qc7 19. Ng4 Nxg4 20. Qxg4 Rad8
21. Rad1 Rxd3 22. Rxd3 Rd8 23. Qc4 Rxd3 24. Qxd3 Qc8 25. a4 Bb4 26. Ne4 Be7 27.
b3 Qb7 28. Kf1 b5 29. axb5 axb5 30. Nc3 b4 31. Ne4 Qc6 32. Qd1 h5 33. Nd2 Qd6
34. Qc2 h4 35. Kg2 hxg3 36. hxg3 Qe5 37. Nc4 Qa1 38. Qd3 Bc5 39. Qd8+ Kh7 40.
Qh4+ Kg8 1/2-1/2

[Event "TCh-CHN Division A 2014"]
[Site "Shaoguan CHN"]
[Date "2014.07.25"]
[Round "9.5"]
[White "Wang, Yue"]
[Black "Wang, Tongsen"]
[Result "1-0"]
[WhiteTitle "GM"]
[WhiteElo "2711"]
[BlackElo "2185"]
[WhiteTeam "Tianjing"]
[BlackTeam "Qingdao Experimental School"]
[WhiteFideId "8601429"]
[BlackFideId "8608067"]
[EventDate "2014.04.12"]

1. e4 c5 2. Ne2 e6 3. g3 Nc6 4. Bg2 Nge7 5. O-O d5 6. exd5 Nxd5 7. d4 Nf6 8.
dxc5 Qxd1 9. Rxd1 Bxc5 10. a3 Ng4 11. Rf1 O-O 12. b4 Nd4 13. Nbc3 Bb6 14. Bb2
Nxc2 15. Rad1 a5 16. b5 Bc5 17. a4 f5 18. h3 Nf6 19. Nc1 Nd4 20. Nd3 Bd6 21. Nb1
Nc2 22. Nd2 Nb4 23. Nc4 Nxd3 24. Rxd3 Bc5 25. Bd4 Rd8 26. Rfd1 Bxd4 27. Rxd4
Rxd4 28. Rxd4 Nd5 29. f4 Kf8 30. Kf2 Ke7 31. Bxd5 exd5 32. Nb6 Rb8 33. Nxd5+ Kd6
34. Ne3+ Kc7 35. Rc4+ Kd6 36. Rd4+ Kc7 37. Rc4+ Kd6 38. b6 Be6 39. Rc7 g6 40.
Ke2 h6 41. Kd3 Rc8 42. Rxb7 Kc6 43. Re7 Bb3 44. b7 Rb8 45. Nc4 Bxa4 46. Nxa5+
Kb6 47. Nc4+ Ka7 48. Ne5 g5 49. Kd4 Rxb7 50. Rxb7+ Kxb7 51. Nf7 gxf4 52. gxf4 h5
53. h4 Kc6 54. Ke5 Kd7 55. Kxf5 Ke7 56. Ng5 Bc2+ 57. Ke5 Bd1 58. f5 Bg4 59. Ne4
Kf7 60. Kf4 Bd1 61. Kg5 Bc2 62. Ng3 Bb3 63. Nxh5 Bd1 64. Nf4 Bc2 65. Ng6 Kg7 66.
Ne5 Bb3 67. Nd7 Ba4 68. Nc5 Bd1 69. Ne6+ Kf7 70. h5 Ba4 71. h6 Kg8 72. Kg6 Be8+
73. Kf6 Kh7 74. Ke7 1-0

[Event "TCh-CHN Division A 2014"]
[Site "Shaoguan CHN"]
[Date "2014.07.25"]
[Round "9.5"]
[White "Gong, Qianyun"]
[Black "Ni, Shiqun"]
[Result "1-0"]
[WhiteTitle "WIM"]
[BlackTitle "WIM"]
[WhiteElo "2349"]
[BlackElo "2262"]
[WhiteTeam "Qingdao Experimental School"]
[BlackTeam "Tianjing"]
[WhiteFideId "8602425"]
[BlackFideId "8608466"]
[EventDate "2014.04.12"]

1. b3 e5 2. Bb2 Nc6 3. e3 d5 4. Bb5 Bd6 5. Nf3 f6 6. d4 e4 7. Nfd2 a6 8. Be2 f5
9. c4 Nf6 10. Nc3 Be6 11. g4 f4 12. g5 fxe3 13. fxe3 O-O 14. gxf6 Qxf6 15. Nf1
Nb4 16. cxd5 Bh3 17. Kd2 Bg2 18. Ng3 Bxg3 19. hxg3 Bxh1 20. Qxh1 Qg6 21. a3 Nd3
22. Qxe4 Qxe4 23. Nxe4 Nxb2 24. Rb1 Rae8 25. Nc5 Rf2 26. Rxb2 Rg2 27. g4 g6 28.
Kd3 Rf8 29. Ne6 Rf7 30. Rc2 c6 31. dxc6 bxc6 32. Rxc6 Rff2 33. Nf4 Rg3 34. Ke4
Kf8 35. g5 Ke8 36. Rxa6 1-0

[Event "TCh-CHN Division A 2014"]
[Site "Shaoguan CHN"]
[Date "2014.07.25"]
[Round "9.5"]
[White "Lei, Tingjie"]
[Black "Ushenina, Anna"]
[Result "1/2-1/2"]
[WhiteTitle "WGM"]
[BlackTitle "GM"]
[WhiteElo "2421"]
[BlackElo "2494"]
[WhiteTeam "Qingdao Experimental School"]
[BlackTeam "Tianjing"]
[WhiteFideId "8605114"]
[BlackFideId "14110911"]
[EventDate "2014.04.12"]

1. c4 Nf6 2. d4 e6 3. g3 d5 4. Nf3 dxc4 5. Bg2 c5 6. O-O Nc6 7. dxc5 Qxd1 8.
Rxd1 Bxc5 9. Nbd2 c3 10. bxc3 O-O 11. Ne1 Rd8 12. Nd3 Be7 13. Rb1 Nd5 14. Bb2
Bd7 15. Be4 Rab8 16. c4 Nf6 17. c5 b6 18. cxb6 axb6 19. Nc4 b5 20. Ne3 Be8 21.
g4 Rb6 22. Rdc1 Ra6 23. Kf1 Na5 24. g5 Nd5 25. Nxd5 exd5 1/2-1/2

[Event "TCh-CHN Division A 2014"]
[Site "Shaoguan CHN"]
[Date "2014.07.25"]
[Round "9.6"]
[White "Li, Shilong"]
[Black "Yu, Ruiyuan"]
[Result "0-1"]
[WhiteTitle "GM"]
[BlackTitle "GM"]
[WhiteElo "2495"]
[BlackElo "2552"]
[WhiteTeam "Guangdong"]
[BlackTeam "Jiangsu"]
[WhiteFideId "8600678"]
[BlackFideId "8603090"]
[EventDate "2014.04.12"]

1. d4 d5 2. c4 c6 3. Nf3 Nf6 4. Nc3 dxc4 5. a4 Bf5 6. Nh4 Bc8 7. e3 e6 8. Bxc4
c5 9. O-O Nc6 10. Nf3 cxd4 11. exd4 Be7 12. Re1 O-O 13. Bg5 b6 14. Qd3 Bb7 15.
Rad1 Nb4 16. Qe2 Nfd5 17. Bc1 Rc8 18. Ne5 Bg5 19. Be3 Nxc3 20. bxc3 Nd5 21. Qd3
Nxe3 22. fxe3 Qc7 23. Rc1 Bf6 24. Ba6 Bxe5 25. Bxb7 Bxh2+ 26. Kh1 Rb8 27. Ba6
Bg3 28. Red1 Qe7 29. Qe4 f5 30. Qf3 Qh4+ 31. Kg1 f4 32. e4 g5 33. Bc4 Rbe8 34.
e5 g4 35. Qc6 f3 36. Bxe6+ Kh8 0-1

[Event "TCh-CHN Division A 2014"]
[Site "Shaoguan CHN"]
[Date "2014.07.25"]
[Round "9.6"]
[White "Zeng, Chongsheng"]
[Black "Lin, Chen"]
[Result "1-0"]
[WhiteTitle "GM"]
[BlackTitle "IM"]
[WhiteElo "2540"]
[BlackElo "2463"]
[WhiteTeam "Guangdong"]
[BlackTeam "Jiangsu"]
[WhiteFideId "8603847"]
[BlackFideId "8602298"]
[EventDate "2014.04.12"]

1. b3 e5 2. Bb2 Nc6 3. e3 d6 4. Ne2 Nf6 5. d4 Bd7 6. Nbc3 g6 7. h3 Bg7 8. dxe5
dxe5 9. g4 Nb4 10. Bg2 Bc6 11. Bxc6+ Nxc6 12. Ng3 h6 13. Qe2 O-O 14. h4 a6 15.
h5 Qd7 16. g5 hxg5 17. hxg6 fxg6 18. Rd1 Qe7 19. Nce4 Nxe4 20. Qc4+ Qf7 21.
Qxf7+ Rxf7 22. Nxe4 Rd8 23. Ke2 Rfd7 24. Rxd7 Rxd7 25. Rg1 b6 26. Nxg5 Bf6 27.
f4 Kg7 28. Ne4 Kf7 29. Rf1 Be7 30. fxe5+ Ke6 31. Nf6 Rd8 32. c4 Nxe5 33. Nd5 Rd7
34. Nf4+ 1-0

[Event "TCh-CHN Division A 2014"]
[Site "Shaoguan CHN"]
[Date "2014.07.25"]
[Round "9.6"]
[White "Guo, Qi"]
[Black "Li, Xueyi"]
[Result "1-0"]
[WhiteTitle "WGM"]
[WhiteElo "2458"]
[BlackElo "2193"]
[WhiteTeam "Jiangsu"]
[BlackTeam "Guangdong"]
[WhiteFideId "8604002"]
[BlackFideId "8605912"]
[EventDate "2014.04.12"]

1. Nf3 Nf6 2. c4 c6 3. e3 d5 4. Nc3 e6 5. b3 Bd6 6. Bb2 O-O 7. Qc2 Nbd7 8. Be2
Qe7 9. O-O dxc4 10. bxc4 e5 11. d4 Re8 12. Rfe1 e4 13. Nd2 Nf8 14. a4 Ng6 15. c5
Bc7 16. Nc4 h5 17. Ba3 Ng4 18. Nd6 Bxd6 19. cxd6 Qh4 20. Bxg4 hxg4 21. Ne2 Nf8
22. Ng3 Nh7 23. d5 cxd5 24. Rac1 Ng5 25. Qd1 Be6 26. Rc7 Rad8 27. Rc1 Kh7 28.
Qd4 Rh8 29. Bb2 Rdg8 30. Qe5 Kg6 31. Ne2 Rh6 32. Qg3 Qxg3 33. hxg3 Nf3+ 34. gxf3
gxf3 35. Nf4+ Kf5 36. Nxe6 Rhh8 37. Nxg7+ Kg6 38. Nh5 Rh7 39. g4 1-0